Dzielnice Poznania - nagła śmierć - Statystyki

Ogólne statystyki
  • Ten quiz został rozwiązany 591 razy
    560 od ostatniego zresetowania
  • Średni wynik to 6 z 16
Answers on the Grid
Answers color-coded by a green-red scale on the quiz's grid according to % correct below.
Głuszyna
Śródmieście
Banarat
Starołęka-Minikowo-Marlewo
Nadwiśle
Ławica
Grunwald Północ
Grunwald Zachód
Licheń
Nadwarcie
Kiekrz
Junikowo
Os. Kwiatowe
Borek
Przedmieście Grunwaldzkie
Jeżyce
Wyspa Katedralna
Wola
Żoliborz
Różanka
Las Moraski
Morasko-Radojewo
Ostrów Tumski-Śródka-Zawady-Komandoria
Podolany
Podolany Północne
Krzesinki
Os. Bajkowe
Stare Miasto
Powarcie
Umultowo
Żegrze
Piątkowo
 
Statystyki odpowiedzi
Odpowiedź % Poprawnych
Ławica
60%
Jeżyce
53%
Grunwald Północ
51%
Junikowo
44%
Starołęka-Minikowo-Marlewo
42%
Piątkowo
38%
Głuszyna
37%
Stare Miasto
35%
Podolany
30%
Żegrze
28%
Kiekrz
27%
Ostrów Tumski-Śródka-Zawady-Komandoria
27%
Umultowo
26%
Morasko-Radojewo
19%
Os. Kwiatowe
17%
Wola
17%
Nie znaleziono quizów pasujących do podanych kryteriów
Rozkład punktacji
Procent ludzi z każdym wynikiem
Percentyl według liczby udzielonych odpowiedzi
Twoja historia wyników
Nie rozwiązałeś tego quizu od ostatniego zresetowania